Statystyki dla Dokąd biegnie ta droga #2

Kliknij tutaj aby rozwiązać quiz!

Ogólne statystyki

  • Ten quiz został rozwiązany 5 razy
  • Średni wynik to 15 z 20

Statystyki odpowiedzi

DrogaPoczątekKoniec% Poprawnych
DK30ZgorzelecJelenia Góra
100%
DK33BoboszówKłodzko
100%
DK22GrzechotkiKostrzyn Nad Odrą
100%
DK21MiastkoUstka
100%
DK35GolińskBielany Wrocławskie
80%
DK39ŁagiewnikiKępno
80%
DK23SarbinowoMyślibórz
80%
DK25BoboliceOstrów Wielkopolski
80%
DK24WaldowicePniewy
80%
DK40GłuchołazyPyskowice
80%
DK29PołupinSłubice
80%
DK31SzczecinSłubice
80%
DK34DobromierzŚwiebodzice
80%
DK28MedykaZator
80%
DK27PrzewózZielona Góra
80%
DK36ProchowiceKalisz
60%
DK37KarwiceDarłowo
40%
DK26ReniceKrajnik Dolny
40%
DK38Reńska WieśPietrowice
40%
DK32SękowiceStęszew
40%

Rozkład punktacji

Percentyl według liczby udzielonych odpowiedzi

Procent ludzi z każdym wynikiem

Twoja historia wyników

Nie rozwiązałeś tego quizu